| 000 | 00945 a2200265 4500 | ||
|---|---|---|---|
| 003 | Nust | ||
| 005 | 20230531105659.0 | ||
| 010 | _a 2001273451 | ||
| 020 | _a8129701944 | ||
| 035 | _a(OCoLC)ocm46944967 | ||
| 040 | _cNust | ||
| 082 | 0 | 0 | _a005.2762,ALU |
| 100 | 1 |
_aAlur, Deepak. _998115 |
|
| 245 | 1 | 0 |
_aCore J2EE patterns : _bBest practices and design strategies / _cDeepak Alur, John Crupi, Dan Malks ; [foreword by Grady Booch]. |
| 246 | 3 | 0 | _aJ2EE patterns |
| 250 | _a2nd | ||
| 260 |
_aUpper Saddle River, NJ : _bPrentice Hall PTR, _cc2001. |
||
| 300 |
_axxvi, 459 p. : _bill. ; _c24 cm. |
||
| 440 | 0 |
_aJava 2 platform, enterprise edition series _998117 |
|
| 505 | _aPart-1: Patterns and J2EE (Page-32), Part-2: J2EE Patterns Catalog (Page-142), Part-3: Epilogue (Page-610). | ||
| 650 | 0 |
_aJava (Computer program language) _98017 |
|
| 700 | 1 |
_aCrupi, John. _998118 |
|
| 700 | 1 |
_aMalks, Dan. _998119 |
|
| 942 |
_2ddc _cBK _k005.2762,ALU |
||
| 999 |
_c176671 _d176671 |
||